Realidad Cotabambina / (Record no. 22785)

000 -CABECERA
fixed length control field 01184nam a22003017i 4500
003 - IDENTIFICADOR DEL NÚMERO DE CONTROL
control field AR-CdUCM
008 - DATOS DE LONGITUD FIJA--INFORMACIÓN GENERAL
fixed length control field 240307b20202020pe ||||| |||| 00| 0 spa d
040 ## - FUENTE DE LA CATALOGACIÓN
Agencia/entidad que catalogó originalmente la obra MUNICIPALIDAD PROVINCIAL DEL CUSCO
Entidad que transcribió la catalogación BIBLIOTECA MUNICIPAL DEL CUSCO
082 ## - NÚMERO DE LA CLASIFICACIÓN DECIMAL DEWEY
No. de Clasificación 985.632 / C8C
Notacion interna C8C
100 ## - ENTRADA PRINCIPAL--NOMBRE DE PERSONA
Nombre Personal Cornejo Vergara, Gregorio
245 ## - MENCIÓN DE TÍTULO
Título Realidad Cotabambina /
260 ## - PUBLICACIÓN, DISTRIBUCIÓN, ETC.
Lugar de publicación, distribución, etc. Wanchaq-Cusco :
Fecha de publicación, distribución, etc. 2020
300 ## - DESCRIPCIÓN FÍSICA
Nº de Páginas Extensión 264 páginas. :
Dimensiones 2020
500 ## - NOTA GENERAL
Bibliografía Bibliografía: páginas 263-264
505 ## - NOTA DE CONTENIDO CON FORMATO
Nota de contenido formateada Provincia de Cotabambas -- Creación Política -- Límites de la provincia -- Generalidades de la Region de Apurímac -- Aguas termo-medicinales -- Centro arqueológico de Sondor-Andahuaylas -- Danzas y canciones -- Poesía -- Clima y vegetación -- Flora y fauna -- Hidrografía y fluviografía.
650 ## - PUNTO DE ACCESO ADICIONAL DE MATERIA--TÉRMINO DE MATERIA
Descriptor Cotabambas
9 (RLIN) 49437
650 ## - PUNTO DE ACCESO ADICIONAL DE MATERIA--TÉRMINO DE MATERIA
Descriptor Geomorfología
9 (RLIN) 6691
650 ## - PUNTO DE ACCESO ADICIONAL DE MATERIA--TÉRMINO DE MATERIA
Descriptor Ubicación
9 (RLIN) 49438
650 ## - PUNTO DE ACCESO ADICIONAL DE MATERIA--TÉRMINO DE MATERIA
Descriptor Toponimia
9 (RLIN) 49439
650 ## - PUNTO DE ACCESO ADICIONAL DE MATERIA--TÉRMINO DE MATERIA
Descriptor Población
9 (RLIN) 3673
650 ## - PUNTO DE ACCESO ADICIONAL DE MATERIA--TÉRMINO DE MATERIA
Descriptor Aguas termo-medicinales
9 (RLIN) 49440
650 ## - PUNTO DE ACCESO ADICIONAL DE MATERIA--TÉRMINO DE MATERIA
Descriptor Testimonios de la niñez
9 (RLIN) 49441
650 ## - PUNTO DE ACCESO ADICIONAL DE MATERIA--TÉRMINO DE MATERIA
Descriptor Danzas
9 (RLIN) 14459
650 ## - PUNTO DE ACCESO ADICIONAL DE MATERIA--TÉRMINO DE MATERIA
Descriptor Canciones
9 (RLIN) 14568
942 ## - ELEMENTOS DE PUNTO DE ACCESO ADICIONAL (KOHA)
Fuente de clasificación
Tipo de item Libros-BMC
945 ## - PROCESAMIENTO DE INFORMACIÓN LOCAL (OCLC)
Catalogador pbj
AAAA-MM-DD - Fecha de ingreso o modificacion 07-03-2024
Holdings
Estado de retiro (separado) Fuente de clasificación o esquema de estanterías Estado dañado Ubicación Sala donde se ubica Nombre de la colección Fecha de adquisición o compra Fuente de adquisición Costo, precio normal en soles Signatura topográfica Código de Barras Última vez visto (Koha) Tipo de ítem (Koha)
No     Sala Humanidades Sala Humanidades Book Cart 2024-03-07 Depósito Legal 20.00 985.632 / C8C SH0000016605 2024-03-07 Libros-BMC

Powered by Koha